[Event "Douglas Livie mem email"]
[Site "Scotland"]
[Date "2004.06.14"]
[Round "?"]
[White "Brown, Alan C"]
[Black "Rawlings, Alan JC"]
[Result "1-0"]
[WhiteElo "2393"]
[BlackElo "2254"]
[PlyCount "87"]
[EventDate "2004.06.14"]
[EventType "tourn (corr)"]
[EventRounds "12"]
[EventCountry "SCO"]
[SourceTitle "Corr 2008"]
[Source "ChessBase"]
[SourceDate "2008.06.24"]
[SourceVersion "1"]
[SourceVersionDate "2008.06.24"]
[SourceQuality "1"]

1. c4 Nf6 2. g3 g6 3. Bg2 Bg7 4. Nc3 0-0 5. e4 c5 6. Nge2 Nc6 7. a3 d6 8. Rb1 Bg4 9. b4 cxb4 10. axb4 Ne5 11. d3 Nfd7 12. h3 Bf3 13. 0-0 f5 14. Bxf3 Nxf3+ 15. Kg2 fxe4 16. Nxe4 Nde5 17. d4 Nc6 18. d5 Nce5 19. Bf4 Qc8 20. Qb3 g5 21. Bxe5 Bxe5 22. Ng1 Nd4 23. Qd3 Qf5 24. f3 Rac8 25. Rbc1 b5 26. cxb5 Bg7 27. Ne2 Nxe2 28. Rxc8 Rxc8 29. Qxe2 h6 30. Rd1 Rb8 31. Qd3 Qd7 32. Nc3 Bxc3 33. Qxc3 Rxb5 34. h4 gxh4 35. Rd4 h3+ 36. Kh2 h5 37. Qd3 Qe8 38. Qe3 Qg6 39. Qxe7 Rb8 40. Rf4 Re8 41. Qxa7 Re1 42. Kxh3 Rh1+ 43. Kg2 Rc1 44. g4 1-0

[Event "Douglas Livie mem email"]
[Site "Scotland"]
[Date "2004.06.14"]
[Round "?"]
[White "Geider, Frank"]
[Black "Brown, Alan C"]
[Result "1/2-1/2"]
[WhiteElo "2412"]
[BlackElo "2393"]
[PlyCount "51"]
[EventDate "2004.06.14"]
[EventType "tourn (corr)"]
[EventRounds "12"]
[EventCountry "SCO"]
[SourceTitle "Corr 2008"]
[Source "ChessBase"]
[SourceDate "2008.06.24"]
[SourceVersion "1"]
[SourceVersionDate "2008.06.24"]
[SourceQuality "1"]

1. e4 c6 2. c4 e5 3. Nc3 Bc5 4. Nf3 d6 5. d4 exd4 6. Nxd4 Nf6 7. Be2 0-0 8. 0-0 Re8 9. Nb3 Bb6 10. Bf4 Nxe4 11. Nxe4 Rxe4 12. Bxd6 Nd7 13. Bd3 Re6 14. c5 Bc7 15. Bc4 Rh6 16. Qf3 Rf6 17. Bxc7 Qxc7 18. Qc3 Nf8 19. Nd4 Be6 20. Bxe6 Nxe6 21. Rae1 Rd8 22. Re2 Nxd4 23. Qxd4 h6 24. Qc3 Rd5 25. Rfe1 Qd7 26. Qc2 1/2-1/2

[Event "Douglas Livie mem email"]
[Site "Scotland"]
[Date "2004.06.14"]
[Round "?"]
[White "Martin Molinero, Raul"]
[Black "Brown, Alan C"]
[Result "1-0"]
[WhiteElo "2356"]
[BlackElo "2393"]
[PlyCount "75"]
[EventDate "2004.06.14"]
[EventType "tourn (corr)"]
[EventRounds "12"]
[EventCountry "SCO"]
[SourceTitle "Corr 2008"]
[Source "ChessBase"]
[SourceDate "2008.06.24"]
[SourceVersion "1"]
[SourceVersionDate "2008.06.24"]
[SourceQuality "1"]

1. e4 c6 2. d4 d5 3. f3 dxe4 4. fxe4 e5 5. Nf3 Bg4 6. Bc4 Nd7 7. c3 Bh5 8. Bg5 Qb6 9. Qb3 exd4 10. cxd4 Qxb3 11. Bxb3 h6 12. Bf4 Ngf6 13. Nc3 Bb4 14. 0-0 g5 15. Bd2 0-0-0 16. Rae1 Ne8 17. Be3 Nd6 18. Nd2 Bg6 19. a3 Bxc3 20. bxc3 Nxe4 21. Nxe4 Bxe4 22. Bxg5 hxg5 23. Rxe4 f6 24. Be6 Rhf8 25. Bg4 Kb8 26. Re6 Rf7 27. h3 Kc7 28. Bh5 Rff8 29. Kh2 Nb6 30. Rexf6 Rxf6 31. Rxf6 Rd5 32. Rf7+ Kb8 33. Bg4 Ra5 34. Rf5 Rxa3 35. Rxg5 Rxc3 36. h4 Nd5 37. h5 Nf6 38. h6 1-0

[Event "SCCA-ch corr0102"]
[Site "Scotland"]
[Date "2001.??.??"]
[Round "?"]
[White "Armstrong, Alan"]
[Black "Brown, Alan C"]
[Result "0-1"]
[WhiteElo "2083"]
[BlackElo "2271"]
[PlyCount "28"]
[EventDate "2001.??.??"]
[EventType "tourn (corr)"]
[EventRounds "10"]
[EventCountry "SCO"]
[SourceTitle "Corr 2002"]
[Source "ChessBase"]
[SourceDate "2002.05.23"]
[SourceVersion "1"]
[SourceVersionDate "2002.05.23"]
[SourceQuality "1"]

1. d4 Nf6 2. Nc3 d5 3. e4 dxe4 4. f3 exf3 5. Nxf3 Bg4 6. h3 Bxf3 7. Qxf3 c6 8. Qf2 Nbd7 9. Bd3 Qb6 10. 0-0 0-0-0 11. b3 e6 12. Be3 Bb4 13. Na4 Qc7 14. d5 Nxd5 0-1

[Event "SCCA-ch corr0102"]
[Site "Scotland"]
[Date "2001.??.??"]
[Round "?"]
[White "Brown, Alan C"]
[Black "Beecham, C Richard"]
[Result "0-1"]
[WhiteElo "2271"]
[BlackElo "2115"]
[PlyCount "78"]
[EventDate "2001.??.??"]
[EventType "tourn (corr)"]
[EventRounds "10"]
[EventCountry "SCO"]
[SourceTitle "Corr 2002"]
[Source "ChessBase"]
[SourceDate "2002.05.23"]
[SourceVersion "1"]
[SourceVersionDate "2002.05.23"]
[SourceQuality "1"]

1. e4 e6 2. d4 d5 3. Nc3 Bb4 4. e5 c5 5. Bd2 Ne7 6. Nb5 Bxd2+ 7. Qxd2 0-0 8. dxc5 Nd7 9. f4 Nxc5 10. 0-0-0 Qb6 11. Nd4 Bd7 12. Ngf3 Na4 13. Nb3 Rac8 14. Bd3 Nc5 15. Nxc5 Rxc5 16. Qe1 Ba4 17. b3 Bb5 18. Bxh7+ Kxh7 19. Qh4+ Kg8 20. Qxe7 Be2 21. Rd2 Qb4 22. Kb1 Bxf3 23. gxf3 Qxd2 24. Qxc5 Qxf4 25. Qxa7 Qxe5 26. Qxb7 Qe3 27. Qc7 Qxf3 28. Rg1 Qf6 29. Re1 Re8 30. a4 e5 31. Qd7 Rd8 32. Qc7 e4 33. h3 Kh7 34. Qc5 Qe5 35. Qa5 f5 36. b4 Rd7 37. Rd1 e3 38. Re1 f4 39. b5 Rc7 0-1